Sociologie du developpement.

Uloženo v:
Podrobná bibliografie
Hlavní autor: Mendieta y Nuñez, Lucio (autor)
Médium: Kniha
Jazyk:španělština
Témata:
Tagy: Přidat tag
Žádné tagy, Buďte první, kdo vytvoří štítek k tomuto záznamu!

MARC

LEADER 00000cam^a2200000uu^4500
001 000479572
005 20250521000000.0
008 050901s1962^^^^^^^^^^^^rd^r^^000^0^^^^^d
009 20260310124940.994
035 |a FCE 000022574 
035 |a FCE 002853 
037 |a Acervo ITESO - Biblioteca 
041 |a ESP 
082 0 4 |a 301  |b M365s 
100 |a Mendieta y Nuñez, Lucio  |e (autor) 
245 1 0 |a Sociologie du developpement. 
246 2 |a También se conoce como Sociology of development 
246 2 |a También se conoce como Sociología del desarrollo 
264 |a México :  |b UNAM,  |c 1962. 
300 |a 77 p. 
336 |a texto  |b txt  |2 rdacontenido 
337 |a sin mediación  |b n  |2 rdamedio 
338 |a volumen  |b nc  |2 rdasoporte 
546 |a Edición trilingüe español-francés-inglés 
649 |a XX 
650 |a Desarrollo Comunitario 
650 |a Sociología 
650 |a Desarrollo 
910 |a Fondo Centro de Estudios Educativos 
920 |a Impresos - Libros 
930 |a Fondos Especiales 
905 |a 133 
901 |a ALE002853  |b IT2  |c CEE  |u 20250521 
902 |a https://opac.biblio.iteso.mx/vufind/Record/000479572